[Event "IECG CP.2002.P.00036 email"]
[Site "IECG email"]
[Date "2002.10.01"]
[Round "?"]
[White "Saronja, Zoran"]
[Black "Margstahler, Francesco"]
[Result "1/2-1/2"]
[WhiteElo "800"]
[BlackElo "1516"]
[PlyCount "49"]
[EventDate "2002.10.01"]
[EventType "tourn (corr)"]
[EventRounds "6"]
[EventCountry "CRO"]
[SourceTitle "Corr 2011"]
[Source "ChessBase"]
[SourceDate "2010.08.31"]
[SourceVersion "1"]
[SourceVersionDate "2010.08.31"]
[SourceQuality "1"]

1. e4 e5 2. Nf3 Nc6 3. Bb5 a6 4. Ba4 Nf6 5. d4 exd4 6. 0-0 Be7 7. e5 Ne4 8. Nxd4 0-0 9. Re1 Nc5 10. Bxc6 dxc6 11. Nc3 Re8 12. Be3 Bf8 13. Qh5 Qe7 14. f4 Ne6 15. Nb3 g6 16. Qf3 Bd7 17. Ne4 Bg7 18. Qg3 Kh8 19. Rad1 Rad8 20. Bd2 Bc8 21. f5 gxf5 22. Nf6 Bxf6 23. exf6 Qf8 24. Qf2 Qd6 25. Qf1 1/2-1/2

[Event "IECG CP.2002.P.00036 email"]
[Site "IECG email"]
[Date "2002.10.01"]
[Round "1"]
[White "Van Dijk, Jerry"]
[Black "Saronja, Zoran"]
[Result "1/2-1/2"]
[WhiteElo "1948"]
[BlackElo "800"]
[PlyCount "88"]
[EventDate "2002.10.01"]
[EventType "tourn (corr)"]
[EventRounds "6"]
[EventCountry "CRO"]
[SourceTitle "Corr 2011"]
[Source "ChessBase"]
[SourceDate "2010.08.31"]
[SourceVersion "1"]
[SourceVersionDate "2010.08.31"]
[SourceQuality "1"]

1. e4 c5 2. Nf3 e6 3. d4 cxd4 4. Nxd4 Nc6 5. Nc3 a6 6. Be2 Qc7 7. Nd5 exd5 8. exd5 Nxd4 9. Qxd4 Nf6 10. 0-0 Bc5 11. Qc3 0-0 12. Bf3 Bd6 13. Qxc7 Bxc7 14. Re1 d6 15. Bf4 Bd7 16. c4 Rac8 17. Rac1 b5 18. cxb5 Bxb5 19. g4 Bb8 20. b3 Rxc1 21. Rxc1 Re8 22. Kg2 Bd3 23. Rc3 Be2 24. Rc6 Bxf3+ 25. Kxf3 Nxd5 26. Bxd6 Bxd6 27. Rxd6 Nc7 28. h4 Kf8 29. Rc6 Re7 30. h5 h6 31. Rd6 Ke8 32. Rd3 Re5 33. Kg3 Rd5 34. Re3+ Kd7 35. f3 Rd2 36. a3 Nb5 37. a4 Nd4 38. Kf4 Ne2+ 39. Ke4 Rd4+ 40. Kf5 Nc1 41. Ke5 Rb4 42. Rc3 Nxb3 43. Rd3+ Ke7 44. Kd5 Kf6 1/2-1/2

[Event "IECG TE.2001.P.00601 email"]
[Site "IECG email"]
[Date "2001.03.20"]
[Round "?"]
[White "Rosner, Dirk"]
[Black "Saronja, Zoran"]
[Result "1-0"]
[WhiteElo "2112"]
[BlackElo "800"]
[PlyCount "29"]
[EventDate "2001.03.20"]
[EventType "tourn (corr)"]
[EventRounds "12"]
[SourceTitle "Corr 2008"]
[Source "ChessBase"]
[SourceDate "2008.06.24"]
[SourceVersion "1"]
[SourceVersionDate "2008.06.24"]
[SourceQuality "1"]

1. e4 c5 2. d4 cxd4 3. c3 dxc3 4. Nxc3 Nc6 5. Nf3 e5 6. Bc4 Nf6 7. Ng5 d5 8. Nxd5 Nxd5 9. Bxd5 Be6 10. Nxe6 fxe6 11. Qh5+ g6 12. Bxc6+ bxc6 13. Qxe5 Kf7 14. 0-0 Bg7 15. Qg3 1-0

[Event "IECG TE.2001.P.00601 email"]
[Site "IECG email"]
[Date "2001.03.20"]
[Round "?"]
[White "Saronja, Zoran"]
[Black "Rosner, Dirk"]
[Result "0-1"]
[WhiteElo "800"]
[BlackElo "2112"]
[PlyCount "28"]
[EventDate "2001.03.20"]
[EventType "tourn (corr)"]
[EventRounds "12"]
[SourceTitle "Corr 2008"]
[Source "ChessBase"]
[SourceDate "2008.06.24"]
[SourceVersion "1"]
[SourceVersionDate "2008.06.24"]
[SourceQuality "1"]

1. e4 c5 2. d4 cxd4 3. c3 dxc3 4. Nxc3 Nc6 5. Nf3 d6 6. Bb5 Bg4 7. h3 Bxf3 8. Qxf3 a6 9. Be2 Nd4 10. Qd3 Nxe2 11. Qxe2 e6 12. 0-0 b5 13. a3 Rc8 14. Rd1 Ne7 0-1